New sense or nuisance (Record no. 84111)

MARC details
000 -LEADER
fixed length control field 01005cab a22002535a 4500
001 - CONTROL NUMBER
control field L156669
008 - FIXED-LENGTH DATA ELEMENTS--GENERAL INFORMATION
fixed length control field 120619e20120609xxk 000 0 eng d
035 ## - SYSTEM CONTROL NUMBER
System control number (Sirsi) u156669
041 0# - LANGUAGE CODE
Language code of text/sound track or separate title eng
100 1# - MAIN ENTRY--PERSONAL NAME
Personal name Hardy, Alison
245 00 - TITLE STATEMENT
Title New sense or nuisance
260 ## - PUBLICATION, DISTRIBUTION, ETC.
Date of publication, distribution, etc. 2012
490 ## - SERIES STATEMENT
Series statement Estates Gazette
Volume/sequential designation (1223) 9 June 2012, 88-90(3)
520 ## - SUMMARY, ETC.
Summary, etc. Recent law cases that consider the point at which planning permission changes the character of a neighbourhood for the purpose of private nuisance. Mentions, "Lawrence and another v Ten Tigers Ltd and others; "Watson v Croft Promo-Sport Ltd" and "Barr & others v Biffa Waste Services Ltd".
590 ## - LOCAL NOTE (RLIN)
Local note KA
650 24 - SUBJECT ADDED ENTRY--TOPICAL TERM
Topical term or geographic name entry element Lawrence and another v Fen Tigers Ltd and others
650 24 - SUBJECT ADDED ENTRY--TOPICAL TERM
Topical term or geographic name entry element Watson v Croft Promo-Sport Ltd
650 24 - SUBJECT ADDED ENTRY--TOPICAL TERM
Topical term or geographic name entry element Barr & Others v Biffa Waste Services Ltd
651 #4 - SUBJECT ADDED ENTRY--GEOGRAPHIC NAME
Geographic name England and Wales
Chronological subdivision 1543-
690 ## - LOCAL SUBJECT ADDED ENTRY--TOPICAL TERM (OCLC, RLIN)
Topical term or geographic name as entry element Planning and development
9 (RLIN) 6259
690 ## - LOCAL SUBJECT ADDED ENTRY--TOPICAL TERM (OCLC, RLIN)
Topical term or geographic name as entry element Residential property
9 (RLIN) 6266
700 1# - ADDED ENTRY--PERSONAL NAME
Personal name Bridgeman, Rob
942 ## - ADDED ENTRY ELEMENTS (KOHA)
Suppress in OPAC 0
Holdings
Withdrawn status Lost status Source of classification or shelving scheme Damaged status Not for loan Home library Current library Shelving location Date acquired Total Checkouts Full call number Barcode Date last seen Copy number Price effective from Koha item type
    Dewey Decimal Classification     London London Journal article 19/06/2012   L156669 156669-1001 06/08/2019 1 06/08/2019 Journal article